| 000 | 00508nam a2200193Ia 4500 | ||
|---|---|---|---|
| 999 |
_c80061 _d80061 |
||
| 001 | 69554 | ||
| 003 | OSt | ||
| 005 | 20220120130402.0 | ||
| 008 | 151205s9999||||xx |||||||||||||| ||und|| | ||
| 020 | _aNA | ||
| 040 | _cPK-LaUMT | ||
| 082 |
_a348.5491026 _bYEA- |
||
| 100 | _aAnwsar Khokhar, Muhammad | ||
| 245 |
_aYearly law reporter [YLR] [Vol. XVI, YLR, 2014] _cAnwsar Khokhar, Muhammad |
||
| 260 |
_aLahore,Pakistan: _bYearly Law Reporter, _c2014 |
||
| 501 | _a4 vols | ||
| 546 | _aEN | ||
| 942 |
_cLPJ _2ddc |
||